Jackie Barnett presents Poitier meets Plato / (Record no. 1793)

MARC details
000 -LEADER
fixed length control field 01875cim a2200433 a 4500
001 - CONTROL NUMBER
control field data
005 - DATE AND TIME OF LATEST TRANSACTION
control field 20260322212118.0
007 - PHYSICAL DESCRIPTION FIXED FIELD--GENERAL INFORMATION
fixed length control field data
008 - FIXED-LENGTH DATA ELEMENTS--GENERAL INFORMATION
fixed length control field data
035 ## - SYSTEM CONTROL NUMBER
System control number 22883984
010 ## - LIBRARY OF CONGRESS CONTROL NUMBER
LC control number 2022627364
Canceled/invalid LC control number r 65000724
028 02 - PUBLISHER OR DISTRIBUTOR NUMBER
Publisher or distributor number W 1561
Source Warner Bros. Records
035 ## - SYSTEM CONTROL NUMBER
System control number (OCoLC)1109168372
040 ## - CATALOGING SOURCE
Original cataloging agency UMK
Language of cataloging eng
Transcribing agency UMK
Modifying agency DLC
-- OCLCQ
-- OCLCO
-- DLC
042 ## - AUTHENTICATION CODE
Authentication code lccopycat
050 00 - LIBRARY OF CONGRESS CALL NUMBER
Classification number Warner Bros. W 1561
100 0# - MAIN ENTRY--PERSONAL NAME
Personal name Plato,
Relator term author.
240 10 - UNIFORM TITLE
Uniform title Works.
Form subheading Selections.
Language of a work English.
Date of a work 1964
245 10 - TITLE STATEMENT
Title Jackie Barnett presents Poitier meets Plato /
Statement of responsibility, etc. music composed and conducted by Fred Katz.
246 30 - VARYING FORM OF TITLE
Title proper/short title Poitier meets Plato
260 ## - PUBLICATION, DISTRIBUTION, ETC.
Place of publication, distribution, etc. [Burbank, Calif.] :
Name of publisher, distributor, etc. Warner Bros. Records,
Date of publication, distribution, etc. [1964]
300 ## - PHYSICAL DESCRIPTION
Extent 1 audio disc :
Other physical details analog, 33 1/3 rpm, mono ;
Dimensions 12 in.
336 ## - CONTENT TYPE
Content type term spoken word
Content type code spw
Source rdacontent
337 ## - MEDIA TYPE
Media type term audio
Media type code s
Source rdamedia
338 ## - CARRIER TYPE
Carrier type term audio disc
Carrier type code sd
Source rdacarrier
500 ## - GENERAL NOTE
General note Readings from Plato with incidental music.
500 ## - GENERAL NOTE
General note Program notes on container.
505 0# - FORMATTED CONTENTS NOTE
Formatted contents note The philosopher -- king must rule (2:27) -- This I know -- that I know nothing (3:00) -- Contribution of music and gymnastics (3:13) -- Immorality of the soul (4:20) -- The Greeks had words for it (3:50) -- Our world is a cave (3:50) -- Woman's place in society (3:27) -- Discovery of the good life (4:30) -- Only the wise are brave (1:58) -- The penalty is death (3:03).
511 0# - PARTICIPANT OR PERFORMER NOTE
Participant or performer note Sidney Poitier, speaker ; with orchestra conducted by Fred Katz.
650 #0 - SUBJECT ADDED ENTRY--TOPICAL TERM
Topical term or geographic name entry element Philosophy.
650 #6 - SUBJECT ADDED ENTRY--TOPICAL TERM
Topical term or geographic name entry element Philosophie.
650 #7 - SUBJECT ADDED ENTRY--TOPICAL TERM
Topical term or geographic name entry element philosophy.
Source of heading or term aat
650 #7 - SUBJECT ADDED ENTRY--TOPICAL TERM
Topical term or geographic name entry element Philosophy.
Source of heading or term fast
Authority record control number or standard number (OCoLC)fst01060777
700 1# - ADDED ENTRY--PERSONAL NAME
Personal name Poitier, Sidney,
Relator term performer.
700 1# - ADDED ENTRY--PERSONAL NAME
Personal name Katz, Fred,
Dates associated with a name 1919-2013,
Relator term conductor.
-- conductor.
906 ## - LOCAL DATA ELEMENT F, LDF (RLIN)
a 7
b cbc
c copycat
d 2
e ncip
f 20
g y-soundrec
925 0# -
-- acquire
-- 2 shelf copies
-- policy default
Holdings
Withdrawn status Lost status Damaged status Not for loan Home library Current library Shelving location Date acquired Total checkouts Full call number Barcode Date last seen Price effective from Koha item type
        Franklin Franklin General stacks 22/03/2026   Warner Bros. W 1561 LOC-FRL-00029 22/03/2026 22/03/2026 Books